000 00910nam0a22002291 4500
001 rc\91813
005 20250620175729.0
010 _a0-7492-4904-8
_93000
035 _a(NLR Aleph) 005357823
090 _a6865957
_c6865957
100 _a20021216d1995 |||y0rusy50 ca
101 0 _arus
102 _aRU
105 _ay |||||||||
200 1 _aФинансовый менеджмент и персональный компьютер
_eBZR655
_eПроф. сертификат по менеджменту
_eПособие по фин. арифметике
_fМеждунар. центр дистанц. обучения "Link"
_gПодгот. Яном Деем
210 _aЖуковский
_cМеждунар. центр дистанц. обучения "ЛИНК"
_d1995
215 _a39 с.
_d29
801 0 _aRU
_bNLR
_gpsbo
801 1 _aRU
_bELAR
_2rusmarc
852 _aNLR
_j96-8/545
942 _cBOOK
980 _aNB